Statistics for Største byer i Danmark • A-Z

Click here to take the quiz!

General Stats

  • This quiz has been taken 227 times
  • The average score is 8 of 22

Answer Stats

#Pop.Dansk by% Correct
K1.308.893København
97%
A273.077Aarhus
95%
O178.210Odense
92%
E72.398Esbjerg
83%
R62.687Randers
75%
V56.567Vejle
60%
H58.646Horsens
58%
S43.313Silkeborg
50%
F41.044Fredericia
49%
N43.508Næstved
43%
I15.479Ikast
29%
M15.246Middelfart
19%
Ø21.746Ølstykke-Stenløse
19%
G14.654Grenå
18%
T34.470Taastrup
18%
B20.539Birkerød
11%
J10.148Jyllinge
11%
D12.085Dragør
7%
P4.335Padborg
7%
L16.878Lillerød
3%
Å3.863Årslev
1%
U2.758Ullerslev
1%

Score Distribution

Percentile by Number Answered

Percent of People with Each Score

Your Score History

You have not taken this quiz